Tourism 2 : Student's Book

Tourism 2 teaches pre-work students to communicate accurately in English, within the context of a career in tourism.

Đã lưu trong:
书目详细资料
主要作者: Walker, Robin
格式: 图书
语言:Undetermined
出版: Oxford Oxford University Press 2010
主题:
标签: 添加标签
没有标签, 成为第一个标记此记录!
Thư viện lưu trữ: Trung tâm Học liệu Trường Đại học Cần Thơ
LEADER 00682nam a2200217Ia 4500
001 CTU_238791
008 210402s9999 xx 000 0 und d
082 |a 428.24 
082 |b W177 
100 |a Walker, Robin 
245 0 |a Tourism 2 : 
245 0 |b Student's Book 
245 0 |c Robin Walker, Keith Harding 
260 |a Oxford 
260 |b Oxford University Press 
260 |c 2010 
520 |a Tourism 2 teaches pre-work students to communicate accurately in English, within the context of a career in tourism. 
650 |a Du lịch,Tourism 
650 |x Thuật ngữ,Terminology 
910 |b dqhieu 
980 |a Trung tâm Học liệu Trường Đại học Cần Thơ